Central Library OPAC University of Rajshahi

Identifying Challenges and Developing an Effective Curriculum for Teaching English Pronuciation in Bangladesh / (Record no. 86330)

MARC details
000 -LEADER
fixed length control field 01026nam a2200253 a 4500
001 - CONTROL NUMBER
RUCL Control Number 86330
003 - CONTROL NUMBER IDENTIFIER
rucl marc code BD-RjUL
005 - DATE AND TIME OF LATEST TRANSACTION
control field 20260407121437.0
008 - FIXED-LENGTH DATA ELEMENTS--GENERAL INFORMATION
fixed length control field 260407s2023 bg a|||| m||| 00| 0 eng d
035 ## - SYSTEM CONTROL NUMBER
system control number (BD-RjUL)86330
040 ## - CATALOGING SOURCE
Original cataloging agency BD-RjUL
Language of cataloging eng
Transcribing agency BD-RjUL
Modifying agency BD-RjUL
041 ## - LANGUAGE CODE
Language code of Book eng
082 ## - DEWEY DECIMAL CLASSIFICATION NUMBER
DDC Edition number 23
Classification number 375.095492
Author mark and Year JAI 2023
100 ## - MAIN ENTRY--PERSONAL NAME
Personal name Jakir, Researcher
9 (RLIN) 18044
245 10 - TITLE STATEMENT
Title Identifying Challenges and Developing an Effective Curriculum for Teaching English Pronuciation in Bangladesh /
Statement of responsibility, etc Researcher, Jakir
Name of Supervisor/Co-Supervisor Sopervisor : Rubafyat Jahan, Co-Sopervisor : M. Shahidullah
260 ## - PUBLICATION, DISTRIBUTION, ETC. (IMPRINT)
Place of publication, distribution, etc Rajshahi :
Name of publisher, distributor, etc Institute of Bangladesh Studies, University of Rajshahi,
Date of publication, distribution, etc 2023
300 ## - PHYSICAL DESCRIPTION
Pagination xxvi, 303 Leaves :
Other physical details ill, ;
Dimensions 30 cm.
502 ## - DISSERTATION NOTE
Dissertation note Thesis (Ph. D.) -- Institute of Bangladesh Studies, University of Rajshahi, 2023
504 ## - BIBLIOGRAPHY, ETC. NOTE
Bibliography, etc Bibliography : Leaves 243-253
650 ## - SUBJECT ADDED ENTRY--TOPICAL TERM
Topical term or geographic name as entry element Curriculum
Geographic subdivision Bangladesh
9 (RLIN) 18045
700 ## - ADDED ENTRY--SUPERVISOR/CO-SUPERVISOR NAME
Personal name Jahan, Rubafyat, Sopervisor
9 (RLIN) 18046
Personal name Shahidullah, M. Co-Sopervisor
9 (RLIN) 18047
942 ## - ADDED ENTRY ELEMENTS (KOHA)
Source of classification or shelving scheme Dewey Decimal Classification
Koha item type Theses
Holdings
Source of classification or shelving scheme Damaged status Not for loan Collection code Permanent Location Current Location Shelving location Date of accession Source of acquisition Total Checkouts Full call number Barcode Date last seen Copy number Thesis
Dewey Decimal Classification   Not For Loan Theses Central Library, University of Rajshahi Central Library, University of Rajshahi Documentation Section   Controller of Examination Office, R. U.   THE 375.095492 JAI 2023 D5270 07/04/2026 C-1 Theses